000 00262nam a2200109Ia 4500
003 GCL
008 140319s9999 xx 000 0 ara d
040 _aGCL /
_cGCL
082 0 4 _a704.9481
_bم و
245 1 0 _aوحدة الفن الاسلامى
250 _aالاولى
999 _c7085
_d7085